Economics (Record no. 60749)
[ view plain ]
| 000 -LEADER | |
|---|---|
| fixed length control field | 00498nam a22002057a 4500 |
| 005 - DATE & TIME | |
| control field | 20260511121402.0 |
| 008 - FIXED-LENGTH DATA ELEMENTS--GENERAL INFORMATION | |
| fixed length control field | 260511b |||||||| |||| 00| 0 eng d |
| 020 ## - ISBN | |
| International Standard Book Number | 9789355739254 |
| Price | 950.00 |
| 040 ## - CATALOGING SOURCE | |
| Original cataloging agency | Doon University |
| 041 ## - Language | |
| Language | English |
| 082 ## - DDC NUMBER | |
| Classification number | 330 |
| Book Number | MAN |
| 100 ## - MAIN ENTRY--PERSONAL NAME | |
| Personal name | Mankiw, N. Gregory |
| 245 ## - TITLE STATEMENT | |
| Title | Economics |
| 250 ## - EDITION STATEMENT | |
| Edition statement | 5th |
| 260 ## - PUBLICATION, DISTRIBUTION, ETC. (IMPRINT) | |
| Place of publication, distribution, etc | Australia |
| Name of publisher, distributor, etc | Cengage |
| Date of publication, distribution, etc | 2020 |
| 300 ## - PHYSICAL DESCRIPTION | |
| Pages | 814 |
| 650 ## - Subject | |
| Subject | Economics (PM USHA) |
| 700 ## - Added Entry Personal Name | |
| Added Entry Personal Name | Taylor, Mark P. |
| 942 ## - ADDED ENTRY ELEMENTS (KOHA) | |
| Koha item type | Books |
| 100 ## - MAIN ENTRY--PERSONAL NAME | |
| -- | 8556 |
| 650 ## - Subject | |
| -- | 26774 |
| 700 ## - Added Entry Personal Name | |
| -- | 14576 |
| 952 ## - LOCATION AND ITEM INFORMATION (KOHA) | |
| -- | 2026-05-11 |
| 952 ## - LOCATION AND ITEM INFORMATION (KOHA) | |
| -- | 2026-05-11 |
| 952 ## - LOCATION AND ITEM INFORMATION (KOHA) | |
| -- | 2026-05-11 |
| 952 ## - LOCATION AND ITEM INFORMATION (KOHA) | |
| -- | 2026-05-11 |
| 952 ## - LOCATION AND ITEM INFORMATION (KOHA) | |
| -- | 2026-05-11 |
| Withdrawn status | Lost status | Source of classification or shelving scheme | Damaged status | Not for loan | Location (home branch) | Sublocation or collection (holding branch) | Date acquired | Koha full call number | Accession No. | Koha date last seen | Koha item type | Koha issues (times borrowed) |
|---|---|---|---|---|---|---|---|---|---|---|---|---|
| Not For Loan | Doon University | Doon University | 11.05.2026 | 330 MAN | 33187 | 11.05.2026 | Reference | |||||
| Doon University | Doon University | 11.05.2026 | 330 MAN | 33188 | 11.05.2026 | Books | ||||||
| Doon University | Doon University | 11.05.2026 | 330 MAN | 33189 | 11.05.2026 | Books | ||||||
| Doon University | Doon University | 11.05.2026 | 330 MAN | 33190 | 11.05.2026 | Books | ||||||
| Doon University | Doon University | 11.05.2026 | 330 MAN | 33191 | 11.05.2026 | Books |